000
00252nam a2200097Ia 4500
005
20251222114342.0
008
251222s1900||||xx |||||||||||||| ||spa||
082
_a
DVD0192/U61L/2002
245
0
_a
Charla: el acto poético y la creación lírica:
942
_c
DVD
999
_c
919
_d
919